Anatomía de la destructividad humana / (Record no. 183214)

MARC details
000 -LEADER
campo de control de longitud fija 00959nam a2200265 i 4500
001 - NÚMERO DE CONTROL
campo de control 183214
003 - IDENTIFICADOR DE NÚMERO DE CONTROL
campo de control ES-MaACL
005 - FECHA Y HORA DE LA ÚLTIMA TRANSACCIÓN
campo de control 20250926063102.0
008 - DATOS DE LONGITUD FIJA--INFORMACIÓN GENERAL
campo de control de longitud fija 140130s1982 sp ||||0| spa d
020 ## - NÚMERO INTERNACIONAL ESTÁNDAR DEL LIBRO
Número Internacional Estándar del Libro 84-323-0202-3
080 ## - NÚMERO DE LA CLASIFICACIÓN DECIMAL UNIVERSAL
Número de la Clasificación Decimal Universal 159.943.01
100 1# - ENTRADA PRINCIPAL--NOMBRE DE PERSONA
Nombre de persona Fromm, Erich,
Fechas asociadas al nombre 1900-1980
9 (RLIN) 52729
245 10 - MENCIÓN DEL TÍTULO
Título Anatomía de la destructividad humana /
Mención de responsabilidad, etc. por Erich Fromm ; [traducción del inglés de Félix Blanco ; revisión de Ignacio Millán].
250 ## - MENCION DE EDICION
Mención de edición [8ª ed. en español, 4ª ed. en España].
260 ## - PUBLICACIÓN, DISTRIBUCIÓN, ETC.
Lugar de publicación, distribución, etc. Madrid :
Nombre del editor, distribuidor, etc. Siglo XXI de España,
Fecha de publicación, distribución, etc. 1982.
300 ## - DESCRIPCIÓN FÍSICA
Extensión 507 p. ;
Dimensiones 21 cm.
490 1# - MENCIÓN DE SERIE
Mención de serie Psicología y Etología
504 ## - NOTA DE BIBLIOGRAFÍA, ETC.
Nota de bibliografía, etc. Bibliografía: p. 469-488. Índices.
650 04 - PUNTO DE ACCESO ADICIONAL DE MATERIA--TÉRMINO DE MATERIA
Término de materia o nombre geográfico como elemento de entrada Agresividad.
9 (RLIN) 9668
700 0# - ENTRADA AGREGADA--NOMBRE PERSONAL
Nombre de persona Blanco, Félix.
9 (RLIN) 29177
700 1# - ENTRADA AGREGADA--NOMBRE PERSONAL
Nombre de persona Millán, Ignacio.
9 (RLIN) 154316
830 00 - PUNTO DE ACCESO ADICIONAL DE SERIE-TÍTULO UNIFORME
Título uniforme Psicología y etología (Siglo XXI)
9 (RLIN) 179901
852 ## - LOCALIZACIÓN
Ubicación ES-MaACL
Número de control de estantería L-30045
Nota libre .- Donat. Miguel A. Velasco
Holdings
Estatus retirado Estado de pérdida Estado de daño No para préstamo Biblioteca de origen Biblioteca actual Ubicación en estantería Fecha de adquisición Fuente de adquisición Total de préstamos Signatura topográfica completa Código de barras Visto por última vez Precio de reemplazo Tipo de ítem Koha
        Biblioteca del Ateneo de Madrid Biblioteca del Ateneo de Madrid Depósito 2 30/01/2014     L-30045 1192559 23/02/2023 23/02/2023 Libro impreso